00744nam a22002292a 450000100060000000300080000600500170001400800410003103500190007204000280009104100080011908200150012710000370014224500550017926000500023430000200028449000700030450400310037465000120040565000270041783000700044417575BD-RjUL20211209000149.0140217s1966 nyu b 001 0 eng d a(BD-RjUL)17633 aDLCcTJCdSERdEQObeng aeng a808.1bCRS1 aCrum, Ralph Brinckerhoff,d1888-10aScientific thought in poetry /c Ralph B. Crum ... aNew York :bColumbia University Press,c1966. a246 p. ;c21 cm1 aColumbia University studies in English and comparative literature aBibliography: p. [239]-242 0aPoetry. 0aLiterature and science 0aColumbia University studies in English and comparative literature